Paris illustré (Record no. 161446)
[ view plain ]
| 000 -LEADER | |
|---|---|
| campo de control de longitud fija | 01077nam a2200205 i 4500 |
| 001 - NÚMERO DE CONTROL | |
| campo de control | 161446 |
| 003 - IDENTIFICADOR DE NÚMERO DE CONTROL | |
| campo de control | ES-MaACL |
| 005 - FECHA Y HORA DE LA ÚLTIMA TRANSACCIÓN | |
| campo de control | 20230906212303.0 |
| 008 - DATOS DE LONGITUD FIJA--INFORMACIÓN GENERAL | |
| campo de control de longitud fija | 041019q1855 fr a |||| | fre d |
| 245 00 - MENCIÓN DEL TÍTULO | |
| Título | Paris illustré |
| Resto del título | : son histoire, ses monuments, ses musées, son administration, son commerce et ses plaisirs : nouveau guides des voyageurs avec 18 plans et 280 vignettes dessinées par Lancelot et Thérond / |
| Mención de responsabilidad, etc. | publié par une Société de Littérateurs, d'Archéologues et d'Artistes. |
| 260 ## - PUBLICACIÓN, DISTRIBUCIÓN, ETC. | |
| Lugar de publicación, distribución, etc. | Paris : |
| Nombre del editor, distribuidor, etc. | Librairie de Hachette et Cie, |
| Fecha de publicación, distribución, etc. | [1855] ( |
| Fabricante | Typ. de Ch. Lahure) |
| 300 ## - DESCRIPCIÓN FÍSICA | |
| Extensión | IV, 844 p., [3] h. de plan. pleg., 12 p. : |
| Otras características físicas | il. ; |
| Dimensiones | 18 cm. |
| 490 1# - MENCIÓN DE SERIE | |
| Mención de serie | Bibliothèque des chemins de fer. Guides-Cicerone |
| 597 ## - NOTA DE DESCRIPCIÓN FÍSICA | |
| NOTA DE DESCRIPCIÓN FÍSICA | La última secuencia de paginación corresponde al catálogo de la editorial. |
| 597 ## - NOTA DE DESCRIPCIÓN FÍSICA | |
| NOTA DE DESCRIPCIÓN FÍSICA | Probablemente fechado en la segunda mitad del S. XIX. |
| 651 #4 - PUNTO DE ACCESO ADICIONAL DE MATERIA--NOMBRE GEOGRÁFICO | |
| Nombre geográfico | París- |
| Subdivisión de forma | Guías turísticas. |
| 9 (RLIN) | 9209 |
| 830 0# - PUNTO DE ACCESO ADICIONAL DE SERIE-TÍTULO UNIFORME | |
| Título uniforme | Bibliothèque des chemins de fer. Guides-Cicerone |
| 9 (RLIN) | 222112 |
| 852 ## - LOCALIZACIÓN | |
| Ubicación | ES-MaACL |
| Número de control de estantería | D-446 |
| Nota libre | - Enc. tela |
| Estatus retirado | Estado de pérdida | Estado de daño | No para préstamo | Colección | Biblioteca de origen | Biblioteca actual | Ubicación en estantería | Fecha de adquisición | Fuente de adquisición | Total de préstamos | Signatura topográfica completa | Código de barras | Visto por última vez | Precio de reemplazo | Tipo de ítem Koha |
|---|---|---|---|---|---|---|---|---|---|---|---|---|---|---|---|
| Libros del s. XIX | Biblioteca del Ateneo de Madrid | Biblioteca del Ateneo de Madrid | Sala Valle Inclán | 17/01/2008 | D-446 | 901169110 | 23/02/2023 | 23/02/2023 | Libro impreso antiguo |
